000
00280nam a22001097a 4500
999
_c
12041
_d
12041
008
191004b ||||| |||| 00| 0 eng d
020
_6
978-8120340749
_a
978-8120340749
082
_a
658.15
245
_a
Fundamentals of Financial Management
250
_a
2nd
260
_a
PHI
_c
2011